000 00760nam a2200205Ii 4500
003 JO-AjNU
008 230605s9999||||xx |||||||||||||| ||und||
040 _aJO-AjNU
_bara
_erda
_cJO-AjNU
041 _aara
050 1 4 _aBP173.758 2009
100 3 _aحمودة، محمود محمد,
_eauthor
_927939
245 0 0 _aالإستثمار و المعاملات المالية في الإسلام
250 _aط2
264 3 1 _aعمان: مؤسسة الوراق للنشر والتوزيع، 2009
300 _a274ص
336 _atext
_btxt
_2rdacontent
337 _aunmediated
_bn
_2rdamedia
338 _avolume
_bnc
_2rdacarrier
650 4 _aالاستثمار والتمويل- المعاملات المالية- الاقتصاد الاسلامي
_927940
999 _aA10776
_c14344
_d14344